Steel Detailers' Manual / (Record no. 13630)
[ view plain ]
| 000 -LEADER | |
|---|---|
| fixed length control field | 01446cam a2200325 a 4500 |
| 001 - CONTROL NUMBER | |
| control field | 12511648 |
| 005 - DATE AND TIME OF LATEST TRANSACTION | |
| control field | 20030204150408.0 |
| 008 - FIXED-LENGTH DATA ELEMENTS--GENERAL INFORMATION | |
| fixed length control field | 010823s2002 maua |rbf 001 0 eng |
| 010 ## - LIBRARY OF CONGRESS CONTROL NUMBER | |
| LC control number | 2001043557 |
| 020 ## - INTERNATIONAL STANDARD BOOK NUMBER | |
| International Standard Book Number | 0632055723 |
| 020 ## - INTERNATIONAL STANDARD BOOK NUMBER | |
| International Standard Book Number | 9780632055722 |
| 040 ## - CATALOGING SOURCE | |
| Original cataloging agency | DLC |
| Transcribing agency | DLC |
| 050 00 - LIBRARY OF CONGRESS CALL NUMBER | |
| Classification number | TA685 |
| Item number | .H39 2001 |
| 082 00 - DEWEY DECIMAL CLASSIFICATION NUMBER | |
| Classification number | 624.1821 |
| Edition number | 22 |
| Item number | HAY |
| 100 1# - MAIN ENTRY--PERSONAL NAME | |
| Personal name | Hayward, Alan. |
| 9 (RLIN) | 12462 |
| 245 10 - TITLE STATEMENT | |
| Title | Steel Detailers' Manual / |
| Statement of responsibility, etc | Alan Hayward and Frank Weare. |
| 250 ## - EDITION STATEMENT | |
| Edition statement | 2nd ed. / revised by Anthony Oakhill. |
| 260 ## - PUBLICATION, DISTRIBUTION, ETC. (IMPRINT) | |
| Place of publication, distribution, etc | Malden, MA : |
| Name of publisher, distributor, etc | Blackwell Science, 2002 |
| Date of publication, distribution, etc | 2002 |
| 300 ## - PHYSICAL DESCRIPTION | |
| Extent | vi, 167 p. : |
| Other physical details | ill. ; |
| Dimensions | 30 cm. |
| 504 ## - BIBLIOGRAPHY, ETC. NOTE | |
| Bibliography, etc | Includes bibliographical references (p. [140]-144) and index. |
| 650 #0 - SUBJECT ADDED ENTRY--TOPICAL TERM | |
| Topical term or geographic name as entry element | Steel, Structural |
| Form subdivision | Handbooks, manuals, etc. |
| 9 (RLIN) | 12463 |
| 650 #0 - SUBJECT ADDED ENTRY--TOPICAL TERM | |
| Topical term or geographic name as entry element | Building, Iron and steel |
| Form subdivision | Handbooks, manuals, etc. |
| 9 (RLIN) | 12464 |
| 650 #0 - SUBJECT ADDED ENTRY--TOPICAL TERM | |
| Topical term or geographic name as entry element | Building, Iron and steel |
| General subdivision | Details |
| Form subdivision | Handbooks, manuals, etc. |
| 9 (RLIN) | 12465 |
| 700 1# - ADDED ENTRY--PERSONAL NAME | |
| Personal name | Weare, Frank. |
| 9 (RLIN) | 12466 |
| 700 1# - ADDED ENTRY--PERSONAL NAME | |
| Personal name | Oakhill, Anthony, |
| Titles and other words associated with a name | C. Eng. |
| 9 (RLIN) | 12467 |
| 942 ## - ADDED ENTRY ELEMENTS (KOHA) | |
| Source of classification or shelving scheme | Dewey Decimal Classification |
| Item type | NB - Book (Non borrowing) |
| Withdrawn status | Item status | Source of classification or shelving scheme | Damaged status | Not for loan | Vendor | Home library | Current library | Shelving location | Date acquired | Source of acquisition | Total Checkouts | Full call number | Barcode | Date last seen | Koha item type |
|---|---|---|---|---|---|---|---|---|---|---|---|---|---|---|---|
| Dewey Decimal Classification | Baccah | Central Library | Central Library | First floor | 10/03/2010 | 624.1821 HAY | 000020188 | 15/07/2025 | NB - Book (Non borrowing) | ||||||
| Dewey Decimal Classification | Baccah | Central Library | Central Library | First floor | 10/03/2010 | 624.1821 HAY | 000020185 | 15/07/2025 | Book - Borrowing |